Physiology of mollusca; T1

Saved in:
Bibliographic Details
Format: Book
Language:Undetermined
Published: New York Academic 1964
Subjects:
Tags: Add Tag
No Tags, Be the first to tag this record!
Institutions: Trung tâm Học liệu Trường Đại học Cần Thơ
LEADER 00398nam a2200157Ia 4500
001 CTU_9160
008 210402s9999 xx 000 0 und d
082 |a 594.01 
082 |b P578/T1 
245 0 |a Physiology of mollusca; T1 
260 |a New York 
260 |b Academic 
260 |c 1964 
650 |a mollusks 
904 |i Minh, 960924 
980 |a Trung tâm Học liệu Trường Đại học Cần Thơ